| 000 | 00810nac a22002777a 4500 | ||
|---|---|---|---|
| 001 | BR0303375 | ||
| 003 | BR-BrBNA | ||
| 005 | 20240105122836.0 | ||
| 008 | 230509b bl.|||m| |||| 00| 0 por d | ||
| 040 |
_aBR-BrBNA _bpor _cBiblioteca Nacional de Agricultura |
||
| 072 | _aF30 | ||
| 090 | _a0336 BR0303375 | ||
| 100 | 1 | _aSouza, P.I. de M. de | |
| 100 | 1 | _aMoreira, C.T. | |
| 100 | 1 | _aFarias Neto, A.L. de | |
| 100 | 1 | _aAbud, S. | |
| 110 | 1 | _aEMBRAPA Cerrados, Planaltina, DF (Brasil) | |
| 245 | 1 | _aCultivar de soja BRS 217 - Flora | |
| 260 | 3 |
_aPlanaltina, DF (Brasil): _c2001. |
|
| 300 | _a2 p. | ||
| 490 |
_aRecomendação Técnica - EMBRAPA Cerrados (Brazil) _vno. 35 _x |
||
| 650 | _aSOJA | ||
| 650 | _aVARIEDADE | ||
| 909 |
_a202312 _bLúcia Elande _c55 _dLúcia Elande |
||
| 942 |
_2AGRIS _n0 _cMS |
||
| 999 |
_c293024 _d293024 |
||